Jornada Municipis cuidadors : 9 de març de 2023 : Espai Francesca Bonnemaison 9 de març de 2023 : Espai Francesca Bonnemaison
Descripción Física:
1 full DIN A-4: il·lustrat color ; 21 x 30 cm
Colección:
Projectes transformadors. Les persones
Idioma:
Catalán
MARC
| LEADER | 00000nam a22000007a 4500 | ||
|---|---|---|---|
| 001 | 28433 | ||
| 003 | AGDB | ||
| 005 | 20260324181522.0 | ||
| 008 | 240318b spa||||| |||| 00| 0 cat d | ||
| 017 | |a B 6355-2023 | ||
| 040 | |a agdb |b cat | ||
| 245 | |a Jornada Municipis cuidadors : |b 9 de març de 2023 : Espai Francesca Bonnemaison | ||
| 260 | |a [Barcelona] : |b Diputació de Barcelona ; |c 2023 | ||
| 300 | |a 1 full DIN A-4: |b il·lustrat color ; |c 21 x 30 cm | ||
| 490 | |a Projectes transformadors. Les persones | ||
| 500 | |a Programa de l'acte. | ||
| 650 | 0 | |a Serveis comunitaris de salut |9 56136 |x Congressos | |
| 655 | 0 | |a Fulletons |9 55858 | |
| 710 | |a Barcelona (Catalunya : Província). |b Àrea de Sostenibilitat Social, Cicle de Vida i Comunitat |9 70555 | ||
| 942 | |2 udc |c ARXIU |n 1 | ||
| 952 | |0 0 |1 0 |4 0 |6 FU7681 |7 1 |9 96853 |a Arxiu |b Arxiu |d 2024-03-18 |l 0 |o FU-76-81 |p 28433 |r 2024-03-18 00:00:00 |w 2024-03-18 |y ARXIU | ||
| 999 | |c 128690 |d 128690 | ||